[Event "Budha Bhandari Memorial"]
[Site "Budhanilkantha"]
[Date "2019.11.13"]
[Round "8"]
[White "Lama, Surbir"]
[Black "Shrestha, Jen"]
[Result "1-0"]
[WhiteElo "2014"]
[BlackElo "1532"]
[PlyCount "59"]
[EventDate "2019.11.09"]
[EventType "swiss"]
[EventRounds "9"]
[EventCountry "NEP"]
[SourceTitle "CBM 193 Extra"]
[Source "ChessBase"]
[SourceDate "2020.01.31"]
[SourceVersion "1"]
[SourceVersionDate "2020.01.31"]
[SourceQuality "1"]

1. e4 c5 2. Nf3 d6 3. d4 cxd4 4. Nxd4 Nc6 5. Nc3 e6 6. Be3 Nxd4 7. Qxd4 Nf6 8. 0-0-0 e5 9. Bb5+ Bd7 10. Qa4 a6 11. Bxd7+ Qxd7 12. Qb3 Be7 13. Bg5 0-0 14. Bxf6 Bxf6 15. Nd5 Bg5+ 16. Kb1 Rad8 17. h4 Be7 18. g4 Rfe8 19. g5 b5 20. Rdg1 Kh8 21. h5 h6 22. gxh6 gxh6 23. Qe3 Kh7 24. Rg6 fxg6 25. hxg6+ Kxg6 26. Qxh6+ Kf7 27. Qh7+ Kf8 28. Qh8+ Kf7 29. Rh7+ Ke6 30. Qg7 1-0